000 00465nam a2200181Ia 4500
008 230711s9999||||xx |||||||||||||| ||und||
020 _a0-8493-2185-9
041 _aENG
082 _a615.7040287
_bLE-C
100 _aLee,Chi-Jen
245 0 _aClinical trials of drugs and biopharmaceuticals
250 _a1st Ed.
260 _c2006
_aNew York
_bCRC Press Taylor & Francis Group
300 _a500p.
650 _aPharmacy
700 _aLee,Lucia H
942 _cBK
999 _c7136
_d7136